MOŽNOSTI VYUŽITIA LÁSKAVCA (AMARANTHUS L.) AKO FUNKČNEJ POTRAVINY

Bibliographic Details
Main Authors: Habánová, Marta, 1969- (Author), Habán, Miroslav, 1969- (Author)
Format: Article
Language:Slovak
ISBN:8080691746

MARC

LEADER 00000naa a2200000uu 4500
001 vtls010941172
003 SK-MaSNL
005 20260302123144.0
008 210910|2003 xo |||||||||||||||||slo|
015 |a SNBRA 
035 |a (urnnbn)urn:nbn:sk:snk:ar-a0bbvf 
035 |a (uuid)eea78b9a-814f-4dd0-aa1e-a685856fc85b 
035 |a urn:nbn:sk:snk-aau454 
040 |a SNKBUCL  |b slo  |c SNKBUCL  |e AACR2 
041 0 |a slo 
044 |a xo  |c SK 
100 1 |a Habánová, Marta,  |d 1969-  |4 aut  |9 208168 
245 1 0 |a MOŽNOSTI VYUŽITIA LÁSKAVCA (AMARANTHUS L.) AKO FUNKČNEJ POTRAVINY  |c Marta Habánová, Miroslav Habán 
246 3 |a THE POSSIBILITIES OF UTILIZATION AMARANTH (AMARANTHUS L.) SPECIES AS A FUNCTIONAL FOOD 
700 1 |a Habán, Miroslav,  |d 1969-  |4 aut  |9 203299 
773 0 |t Výživa a potraviny pre tretie tisícročie "Funkčné potraviny"  |d V Nitre : Slovenská poľnohospodárska univerzita, 2003  |g S. 101-104  |z 8080691746 
958 |a OND 
958 |a article11 
958 |a chapter 
999 |c 1281644  |d 1283574